Countries in 1939 - Statistics

General Stats
  • This quiz has been taken 127 times
    98 since last reset
  • The average score is 56 of 80
Answer Stats
Answer % Correct
Republic of China
93%
Japan
91%
United States of America
91%
Argentina
90%
Brazil
90%
Dominion of Canada
88%
Finland
88%
France
88%
Soviet Union
88%
Great Britain
87%
Italy
87%
Norway
87%
Portugal
87%
Sweden
87%
Germany
85%
Mexico
85%
Poland
85%
Romania
85%
Spain
85%
Yugoslavia
85%
Chile
82%
Greece
82%
Iran
82%
Venezuela
82%
Bulgaria
81%
Switzerland
81%
Colombia
79%
Denmark
79%
Dominion of Australia
79%
Panama
79%
Siam
79%
Ecuador
78%
Peru
78%
Dominion of New Zealand
76%
El Salvador
76%
Hungary
76%
Nicaragua
76%
Turkey
76%
Andorra
75%
Netherlands
75%
Paraguay
75%
Belgium
73%
Bolivia
73%
Uruguay
73%
Honduras
72%
Liberia
72%
Luxembourg
72%
Costa Rica
70%
Guatemala
70%
Haiti
70%
Saudi Arabia
70%
Dominion of South Africa
69%
Ireland
69%
Lithuania
69%
Cuba
67%
Iraq
67%
British Raj
66%
Dominican Republic
66%
Estonia
66%
San Marino
66%
Latvia
64%
Mongolia
64%
Afghanistan
63%
Monaco
63%
Slovakia
63%
Nepal
57%
Bhutan
52%
North Yemen
52%
Manchukuo
49%
Oman
49%
Tibet
48%
The Dutch East Indies
46%
British Malaya
39%
Dominion of Newfoundland
39%
People's Republic of China
36%
Tannu Tuva
22%
Sinkiang
13%
Yunnan
12%
Shanxi
10%
Liechenstein
3%
No matching quizzes found
Score Distribution
Percent of People with Each Score
Percentile by Number Answered
Your Score History
You have not taken this quiz since the last reset